000
00290nam a22001337a 4500
008
170411b xxu||||| |||| 00| 0 eng d
020
_a
0815173563
041
_a
eng
080
_a
618
100
_a
10
101
_a
SHM
245
_a
OBSTETRICS AND GYNECOLOGY
_c
ROCK.J.A
942
_2
udc
_c
BK
999
_c
10312
_d
10312